Statistics for Movie to Villain

Click here to take the quiz!

General Stats

  • This quiz has been taken 24 times
  • The average score is 8 of 15

Answer Stats

HintAnswer% Correct
Norman BatesPsycho
91%
Hans GruberDie Hard
86%
MegatronTransformers
86%
Hal 90002001: A Space Odyssey
82%
Ivan DragoRocky IV
82%
Jack TorranceThe Shining
82%
Tyler DurdenFight Club
77%
GozerGhostbusters
59%
Oogie BoogieNightmare Before Christmas
36%
René Emile BelloqRaiders of the Lost Ark
36%
Mr. BoddyClue
27%
Emilio BarziniThe Godfather
27%
Col. JessupA Few Good Men
23%
Ray FinkleAce Ventura: Pet Detective
18%
ChamberlainThe Dark Crystal
9%

Score Distribution

Percentile by Number Answered

Percent of People with Each Score

Your Score History

You have not taken this quiz